The Manager's Handbook of Client/Server Computing in Business and Finance /
Obra sobre la tecnología cliente/servidor, en que se dan a conocer los fundamentos del trabajo con redes de computadoras, de manera que tanto los administradores de una organización como los especialistas en sistemas computacionales tengan la información necesaria para seleccionar, poner en operació...
محفوظ في:
| المؤلف الرئيسي: | |
|---|---|
| مؤلفون آخرون: | |
| التنسيق: | كتاب |
| اللغة: | الإنجليزية |
| منشور في: |
Mason, EUA :
Thomson,
2003, c2003
|
| الموضوعات: | |
| الوسوم: |
لا توجد وسوم, كن أول من يضع وسما على هذه التسجيلة!
|
MARC
| LEADER | 00000nam^a2200000^a^4500 | ||
|---|---|---|---|
| 001 | 000153090 | ||
| 005 | 20250521000000.0 | ||
| 009 | 20260310100305.803 | ||
| 020 | |a 0-538-72696-2 | ||
| 037 | |a Acervo ITESO - Biblioteca | ||
| 041 | |a ING | ||
| 082 | |a 621. 38217 |b SIE | ||
| 100 | |a Siegel, Joel G. |e (autor) | ||
| 245 | 1 | 4 | |a The Manager's Handbook of Client/Server Computing in Business and Finance / |c J.G. Siegel, J. Shim. |
| 264 | 4 | |a Mason, EUA : |b Thomson, |c 2003, c2003 | |
| 300 | |a XVII, 366 p. | ||
| 336 | |a texto |b txt |2 rdacontenido | ||
| 337 | |a sin mediación |b n |2 rdamedio | ||
| 338 | |a volumen |b nc |2 rdasoporte | ||
| 520 | |a Obra sobre la tecnología cliente/servidor, en que se dan a conocer los fundamentos del trabajo con redes de computadoras, de manera que tanto los administradores de una organización como los especialistas en sistemas computacionales tengan la información necesaria para seleccionar, poner en operación, administrar y solucionar los problemas de una red, de manera rápida y a bajo costo. | ||
| 649 | |a XX | ||
| 650 | |a Información - |x Administración | ||
| 650 | |a Computadoras en la Industria | ||
| 650 | |a Negocios en Internet | ||
| 650 | |a Automatización | ||
| 650 | |a Sistemas Operativos | ||
| 650 | |a Bases de Datos | ||
| 650 | |a Proceso Electrónico de Datos | ||
| 650 | |a Proceso de Datos | ||
| 650 | |a Análisis de Sistemas | ||
| 650 | |a Desarrollo de Sistemas | ||
| 650 | |a Páginas en Línea | ||
| 650 | |a Internet | ||
| 650 | |a Redes de Computadoras - |x Diseño y Construcción | ||
| 650 | |a Redes de Computadoras - |x Administración | ||
| 650 | |a Redes de Computadoras - |x Seguridad | ||
| 650 | |a Señales y Transmisión de Señales | ||
| 650 | |a Comunicación en Red | ||
| 650 | |a Comunicación Inalámbrica | ||
| 650 | |a Telecomunicaciones | ||
| 650 | |a Sistemas de Información | ||
| 650 | |a Sistemas Computacionales | ||
| 650 | |a Sistemas de Telecomunicación | ||
| 650 | |a Programación (Software) | ||
| 650 | |a Ingeniería Computacional | ||
| 650 | |a Ingeniería Electrónica | ||
| 700 | |a Shim, Jae |e (autor) | ||
| 910 | |a Fondo General | ||
| 920 | |a Impresos - Libros | ||
| 930 | |a Colección General | ||
| 905 | |a 101 | ||
| 901 | |a 0500081764 |b IT1 |c ACC |u 20250521 | ||
| 902 | |a https://opac.biblio.iteso.mx/vufind/Record/000153090 | ||